书目信息 |
| 题名: |
形上之思
|
|
| 作者: | 朱德生 著 | |
| 分册: | ||
| 出版信息: | 沈阳 辽宁人民出版社 2001 |
|
| 页数: | 153页 | |
| 开本: | 20cm | |
| 丛书名: | 期待思想系列 | |
| 单 册: | ||
| 中图分类: | B0 | |
| 科图分类: | ||
| 主题词: | 人学--研究 , 辩证法--研究 | |
| 电子资源: | ||
| ISBN: | 7-205-04958-X | |
| 000 | 00637nam0 2200241 45 | |
| 001 | 0304190128 | |
| 005 | 20031219104109.6 | |
| 010 | @a7-205-04958-X@dCNY12.00 | |
| 100 | @a20030419d2001 km y0chiy0120 ea | |
| 101 | 0 | @achi |
| 105 | @a z 000yy | |
| 200 | 1 | @a形上之思@AXing Shang Zhi Si@f朱德生著@FZhu De Sheng Zhu |
| 210 | @a沈阳@c辽宁人民出版社@d2001 | |
| 215 | @a153页@d20cm | |
| 225 | @a期待思想系列 | |
| 320 | @a书末有书目。 | |
| 410 | @12001 @a期待思想系列 | |
| 606 | 0 | @a人学@x研究 |
| 606 | 0 | @a辩证法@x研究 |
| 690 | @aB0@v4 | |
| 701 | 0 | @a朱德生@4著 |
| 801 | @aCN@bTSTC@c20030419 | |
| 905 | @b322948-950@dB0@e145@f3 | |
| 形上之思/朱德生著.-沈阳:辽宁人民出版社,2001 |
| 153页;20cm.-(期待思想系列) |
| ISBN 7-205-04958-X:CNY12.00 |
| ● |
| 相关链接 |
|
|
|
|
正题名:形上之思
索取号:B0/145
 
预约/预借
| 序号 | 登录号 | 条形码 | 馆藏地/架位号 | 状态 | 备注 |
| 1 | 0322948 | 203229489 | 第一借阅区/ [索取号:B0/145] | 在馆 | |
| 2 | 0322949 | 203229498 | 第一借阅区/ [索取号:B0/145] | 在馆 | |
| 3 | 0322950 | 203229504 | 第一样本阅览室/ [索取号:B0/145] | 在馆 |